000 00768nab a22002417a 4500
001 22044
003 HDC
007 cr bn ---aaaaa
008 210128c20170307my ||||| |||| 00| 0 may d
040 _aHDC
100 _aHafiz Ithnin,
_eauthor
_97623
245 0 _a Suntik RM100 juta /
_cHafiz Ithnin
336 _atext
_2rdacontent
337 _acomputer
_2rdamedia
338 _aonline resource
_2rdacarrier
650 _aEntrepreneurship
_9209
650 _aGovernment aids to small business
_914743
710 _aHarian Metro
856 _zRequest full-text at [email protected]
942 _2lcc
942 _cNEWS
942 _kNWSC 006443
999 _c19360
_d19360